000 00734nam a2200265Ia 4500
003 OSt
005 20220923220203.0
006 a|||||r|||| 00| 0
007 ta
008 220922b |||||||| |||| 00| 0 hin d
020 _c40
024 _a184,870
037 _cTextual
040 _aARTS
_cARTS
_bhin
041 _2hin
_ahin
082 _aO152,1N36x, M9
100 _aशशि, श्याम सिंह
245 0 _aअग्निसागर
246 _aAgnisāgara
260 _c1989
300 _a120 पृ.
_ccm.
650 _aहिन्दी साहित्य
_9156264
942 _hO152,1N36x, M9
_cTEXL
_2CC
999 _c338127
_d338127